Contributions to psycho-analysis, 1921-1945 (Record no. 335)

MARC details
000 -LEADER
fixed length control field 00640nam a2200205 a 4500
005 - DATE AND TIME OF LATEST TRANSACTION
control field 20260322212015.0
008 - FIXED-LENGTH DATA ELEMENTS--GENERAL INFORMATION
fixed length control field data
010 ## - LIBRARY OF CONGRESS CONTROL NUMBER
LC control number 49-002668
096 ## - LOCALLY ASSIGNED NLM-TYPE CALL NUMBER (OCLC)
Classification number WS 350 K64c 1948
001 - CONTROL NUMBER
control field data
100 1# - MAIN ENTRY--PERSONAL NAME
Personal name Klein, Melanie.
245 10 - TITLE STATEMENT
Title Contributions to psycho-analysis, 1921-1945
Statement of responsibility, etc. Melanie Klein.
260 ## - PUBLICATION, DISTRIBUTION, ETC.
Place of publication, distribution, etc. London
Name of publisher, distributor, etc. Hogarth Press
Date of publication, distribution, etc. 1948
300 ## - PHYSICAL DESCRIPTION
Extent 416 p. :
Other physical details illus. ;
Dimensions 23 cm.
490 0# - SERIES STATEMENT
Series statement International psycho-analytical library ; no. 34
500 ## - GENERAL NOTE
General note Bibliography: p. 391-394.
500 ## - GENERAL NOTE
General note These papers, with one exception, are reprinted from various journals.
650 #4 - SUBJECT ADDED ENTRY--TOPICAL TERM
Topical term or geographic name entry element Psychoanalysis of children.
650 02 - SUBJECT ADDED ENTRY--TOPICAL TERM
Topical term or geographic name entry element Psychoanalysis
Holdings
Withdrawn status Lost status Damaged status Not for loan Home library Current library Shelving location Date acquired Total checkouts Full call number Barcode Date last seen Price effective from Koha item type
        Centerville Centerville General stacks 22/03/2026   GEN BC0010345 22/03/2026 22/03/2026 Books